000 00518nam a2200193 a 4500
001 1770285652939
003 YourLibrary
005 20260205153743.0
008 260205s2006##################000#0#eng##
020 _a9780071484336
082 0 4 _a333.3323ZEL
100 1 _aZeller, Dirk,
_eauthor.
245 1 0 _aThe Champion Real Estate Agent :
260 _bMcGraw Hill Professional,
_c2006.
300 _a329 pages
650 0 _aBusiness & Economics.
942 _cENGLISH
040 _aYourLibrary
_beng
_cYourLibrary
999 _c610481
_d610481